000 01128nam0a2200361 4500
001 RU\NLR\bibl\259315
005 20250620125429.0
010 _a5-17-009180-X
_910000
021 _aRU
_b2002-210
_911
035 _a(NLR Aleph) 000255018
090 _a1488738
_c1488738
100 _a20020419d2002 |||y0rusy50 ca
101 0 _arus
102 _aRU
105 _ay |||||||||
200 1 _aЭкстремист
_e[Роман]
_fСергей Валяев
210 _aМ.
_cАСТ
_d2002
215 _a379,[1] с.
_d17
225 1 _aСпецсериал "Сыщики"
320 _aНа 4-й с. обл. др. произведения авт.
610 0 _aДетективные романы и рассказы (х. л.)
675 _a821.161.1-31Валяев
_v3
_zrus
686 _a17.82
_2rugasnti
686 _a84(2Рос-Рус)6-44
_2rubbk
686 _aШ6(2=Р)75-446
700 1 _aВаляев
_bС.
_gСергей
_4070
801 0 _aRU
_bRKP
_c20020419
_gPSBO
801 1 _aRU
_bRKP
_c20020419
801 2 _aRU
_bNLR
_c20020610
_grcr
942 _cBOOK
980 _aNB